000 00324nam a22001337a 4500
008 171025b xxu||||| |||| 00| 0 eng d
020 _a9780558440626
041 _aeng
080 _a311
100 _a55
101 _aSTA
245 _aA SECOND COURSE IN STATISTICS REGRESSION ANALYSIS
_cWILLIAM.M
942 _2udc
_cBK
999 _c35911
_d35911